| 000 | 00516nam a22001937a 4500 | ||
|---|---|---|---|
| 999 |
_c12834 _d12834 |
||
| 008 | 250922b 2022 ||||| |||| 00| 0 eng d | ||
| 020 | _a9789355317414 | ||
| 082 |
_a546 _bAGA |
||
| 100 | _aAgarwala, S. K. | ||
| 245 | _aAdvanced inorganic chemistry | ||
| 250 | _a18th ed. | ||
| 260 |
_aMeerut _bPragati Prakashan _c2022 |
||
| 300 | _aviii, 644, iv, viii pgs. | ||
| 650 | _aMetal clusters | ||
| 650 | _aInorganic polymers | ||
| 650 | _aNuclear chemistry | ||
| 700 |
_aLal, Keemti _eCo-author |
||
| 942 | _cBK | ||